Sexualidad y garantías individuales : tres iniciativas de reforma constitucional /
Obra que presenta las iniciativas de reforma constitucional elaboradas por el PRD y un grupo de organizaciones civiles con respecto a la legislación de la sexualidad, en el derecho privado y el derecho público, para garantizar el respeto a la orientación sexual, la educación sexual en todos los nive...
Uloženo v:
| Hlavní autor: | |
|---|---|
| Další autoři: | |
| Médium: | Kniha |
| Jazyk: | španělština |
| Edice: | (Cuadernos Legislativos)
|
| Témata: | |
| Tagy: |
Žádné tagy, Buďte první, kdo vytvoří štítek k tomuto záznamu!
|
MARC
| LEADER | 00000nam^a2200000^a^4500 | ||
|---|---|---|---|
| 001 | 000183948 | ||
| 005 | 20250521000000.0 | ||
| 009 | 20260310102058.322 | ||
| 037 | |a Acervo ITESO - Biblioteca | ||
| 041 | |a ESP | ||
| 082 | |a 344. 72048 |b GAR | ||
| 100 | |a García Ochoa, Juan José |e (autor) | ||
| 245 | 1 | 0 | |a Sexualidad y garantías individuales : |b tres iniciativas de reforma constitucional / |c J.J. García Ochoa, I.S. Figueroa Romero. |
| 264 | |a México : |b Congreso de la Unión, Cámara de Diputados, LIX Legislatura, Grupo Parlamentario del PRD, |c 2005 | ||
| 300 | |a 26 p. | ||
| 336 | |a texto |b txt |2 rdacontenido | ||
| 337 | |a sin mediación |b n |2 rdamedio | ||
| 338 | |a volumen |b nc |2 rdasoporte | ||
| 440 | 1 | |a (Cuadernos Legislativos) | |
| 520 | |a Obra que presenta las iniciativas de reforma constitucional elaboradas por el PRD y un grupo de organizaciones civiles con respecto a la legislación de la sexualidad, en el derecho privado y el derecho público, para garantizar el respeto a la orientación sexual, la educación sexual en todos los niveles escolares y la atención en materia de salud y la promoción de la paternidad responsable. | ||
| 649 | |a XX | ||
| 650 | |a Sexualidad - |z México - |x Aspectos Jurídicos | ||
| 650 | |a Iniciativa Legislativa - |z México | ||
| 650 | |a Derecho Constitucional - |z México | ||
| 650 | |a Derechos Humanos - |z México | ||
| 650 | |a Derecho Privado - |z México | ||
| 650 | |a Derecho Público - |z México | ||
| 700 | |a Figueroa Romero, Irma S. |e (autor) | ||
| 910 | |a Fondo General | ||
| 920 | |a Impresos - Libros | ||
| 930 | |a Colección General | ||
| 905 | |a 101 | ||
| 901 | |a 0500124835 |b IT1 |c ACC |u 20250521 | ||
| 902 | |a https://opac.biblio.iteso.mx/vufind/Record/000183948 | ||